00580pab a2200181 454500008004000000100002200040245008700062260000900149300001300158362000800171650002200179650001900201650002200220773003100242909001100273999001900284952009500303180718b2017 xxu||||| |||| 00| 0 eng d aFreedman, Matthew aPersistence in industrial policy impacts: evidence from depression-era Mississippi c2017 ap.34-51. aNov aGender inequality aLabour markets aIndustrial policy aJournal of Urban Economics a117256 c117250d117250 00104070aIIPAbIIPAd2018-07-19hVolume no: 102, pAR117716r2018-07-19w2018-07-19yAR